000 00383nam a22001577a 4500
003 OSt
005 20240415111934.0
008 181212b xxu||||| |||| 00| 0 eng d
020 _a 9789350146729
040 _cIIMT UNIVERSITY
100 _aAGARWAL,UDIT
245 _aPROGRAMMING FOR PROBLEM SOLVING
260 _aDELHI
_bS.K.KATARIA
_c2018
300 _a1ST
942 _2ddc
_c01
_e1ST
999 _c44603
_d44603